01214 2200205 4500001002100000005001500021035002000036008004100056245003100097100001100128250000600139260003800145300001200183084001400195082000800209650001000217520075700227990001200984990001200996INLIS00000000000092820240603075637 a0010-0524000163240603 1 ind 1 aMiss Rekomendasi /cMissef aMissef a1 aYogyakarta :bSheila/ Andi,c2019 a616 hlm a813 MIS m a813 4aFiksi a Mungkin ini yang namanya kehidupan, sebuah program acara jangka panjang yang kita semua nggak tahu kapan akan selesai. Paket-paket misterius diterima Audrey secara berurutan. Paket yang hanya memiliki sebuah inisial membuatnya tak bisa menebak dari mana dan siapa pengirimnya. Kehidupan bertambah rumit lagi tatkala ia dipromosikan untuk menjadi seorang junior produser di sebuah TV terrestrial milik The Eagle Network yang akan segera mengudara. Ia ragu akan mampu mengemban tugasnya. Keraguannya dialami oleh seorang produser TV berpengalaman, laki-laki perfeksionis, tampan, dan pintar yang menjabat sebagai creative director sekaligus seorang eksekutif produser Indonesia Leading Network; Ilnet, media TV yang sama tempat Audrey direkomendasikan. a0741610 a0741611